Central Library OPAC University of Rajshahi

Scripta Hierosolymitana : (Record no. 32385)

MARC details
000 -LEADER
fixed length control field 01029cas a2200301 a 4500
001 - CONTROL NUMBER
control field 32385
003 - CONTROL NUMBER IDENTIFIER
rucl marc code BD-RjUL
005 - DATE AND TIME OF LATEST TRANSACTION
control field 20211209051828.0
008 - FIXED-LENGTH DATA ELEMENTS--GENERAL INFORMATION
fixed length control field 140426d1958 is x m 0 0eng d
035 ## - SYSTEM CONTROL NUMBER
System control number (OCoLC)ocm01681034
-- (BD-RjUL)32474
040 ## - CATALOGING SOURCE
Original cataloging agency MnMULS
Language of cataloging eng
Transcribing agency MnMULS
Modifying agency CtY
-- N
-- InU
-- DLC
-- MH
-- RPB
-- CSt
-- OCoLC
-- BD-RjUL
-- OCoLC
041 ## - LANGUAGE CODE
Language code of text/sound track or separate title eng
082 ## - DEWEY DECIMAL CLASSIFICATION NUMBER
Classification number 296
Author mark and year AKS 1958
100 ## - MAIN ENTRY--PERSONAL NAME
Personal name Akzin, Benjamin
9 (RLIN) 98528
245 00 - TITLE STATEMENT
Title Scripta Hierosolymitana :
Remainder of title publications of the Hebrew University of Jerusalem /
Number of part/section of a work Volume V
Name of part/section of a work Studies in Law
260 ## - PUBLICATION, DISTRIBUTION, ETC. (IMPRINT)
Place of publication, distribution, etc. Jerusalem :
Name of publisher, distributor, etc. Magnes Press, Hebrew University
Date of publication, distribution, etc. 1958.
300 ## - PHYSICAL DESCRIPTION
Pagination [10] 259 p. ;
Size 24 cm.
650 #0 - SUBJECT ADDED ENTRY--TOPICAL TERM
Topical term or geographic name as entry element Hebrew periodicals.
9 (RLIN) 98529
710 2# - ADDED ENTRY--CORPORATE NAME
Corporate name or jurisdiction name as entry element Universiṭah ha-ʻIvrit bi-Yerushalayim.
9 (RLIN) 98530
776 08 - ADDITIONAL PHYSICAL FORM ENTRY
Relationship information Online version:
Title Scripta Hierosolymitana
Record control number (OCoLC)646859263
942 ## - ADDED ENTRY ELEMENTS (KOHA)
Source of classification or shelving scheme Dewey Decimal Classification
Koha item type Books
Holdings
Lost status Source of classification or shelving scheme Damaged status Not for loan Collection code Permanent Location Current Location Shelving location Date acquired Source of acquisition Cost, normal purchase price Total Checkouts Full call number Date last seen Copy number Koha item type
  Dewey Decimal Classification   Not For Loan Non-fiction Central Library, University of Rajshahi Central Library, University of Rajshahi Reading Room 26/09/1970 Zeitlinger 0.00   296 AKS V-5 1958 26/04/2014 C-1 Books